Normal view MARC view
  • México

Entry Nombre Geográfico

Number of records used in: 32

001 - NÚMERO DE CONTROL

  • campo de control: 6647

003 - IDENTIFICADOR DE NUMERO DE CONTROL

  • campo de control: MX-MxUPN

005 - FECHA Y HORA DE LA ÜLTIMA TRANSACCIÓN

  • campo de control: 20230925133455.0

008 - DATOS DE LONGITUD FIJA

  • campo de control de longitud fija: 230925n||acnnnbabn | anb |d

035 ## - NÚMERO DE CONTROL

  • Número de control: UPN10000006649

040 ## - FUENTE DE CATALOGACIÓN

  • Agencia de catalogación original: MX-MxUPN
  • Lenguaje de catalogación: spa
  • Agencia de transcripción: MX-MxUPN

151 ## - ENCABEZAMIENTO - NOMBRE GEOGRÁFICO

  • Nombre geográfico: México
  • Subdivisión general : Industrias

451 ## - VER DESDE EL RASTREO--NOMBRE GEOGRÁFICO

  • Geographic name: Industrias -
  • Geographic subdivision: México

670 ## - FUENTE EN LA QUE SE LOCALIZARON DATOS

  • Cita de la fuente: E/P

902 ## - CATALOGADOR

  • Catalogador: MCM/040299